000 00800nam a2200157 a 4500
008 120416s1981 ||||||||||||||||| || u
050 _aN 8213 Hos
100 _aHoskins, W. G
245 1 4 _aThe making of the English landscape
260 _aLondon
_bHodder and Stoughton
_c1981
300 _a326p. : ill.
350 _a0.00
995 _aMAIN LIBRARY OPEN ACCESS
_D0.00
_e704090
_FCBU-MAIN LIBRARY (Kitwe)
_H1
_I0.00
_jN 8213 Hos
_M1
_UAVAILABLE
_y009801
_ZMain Library Open Access Collection
995 _aANNEX COLLECTION (Main Library)
_D0.00
_e704089
_FCBU-MAIN LIBRARY (Kitwe)
_H2
_I0.00
_jN 8213 Hos
_M2
_UAVAILABLE
_y009802
_ZAnnex Low-Usage Collection
995 _aMAIN LIBRARY OPEN ACCESS
_D0.00
_e704091
_FCBU-MAIN LIBRARY (Kitwe)
_H3
_I0.00
_jN 8213 Hos
_M3
_UAVAILABLE
_y009800
_ZMain Library Open Access Collection
999 _c82339
_d82339